Geografia Węgier od A do Z - Statystyki

Ogólne statystyki
  • Ten quiz został rozwiązany 34 razy
  • Średni wynik to 14 z 22
Statystyki odpowiedzi
Litera Pytanie Odpowiedź % Poprawnych
D Jaką nazwę nosi rzeka przepływająca przez węgierska stolicę? Dunaj
100%
A Częścią którego kraju były Węgry w latach 1867 - 1918 roku? Austro-Węgry
90%
B Jaką nazwę nosi największe jezioro na Węgrzech? Balaton
90%
G Jak nazywa się popularne również w Polsce węgierskie danie narodowe, które składa się z mięsa, cebuli i papryki? Gulasz
90%
F Jaką nazwę nosi obowiązująca na Węgrzech waluta? Forint
87%
J Który owoc jest najpopularniejszy w węgierskich sadach? Jabłko
87%
K Który łańcuch górski otacza od północny nizinę Węgierską? Karpaty
87%
R Jak miał na nazwisko twórca słynnej zabawki logicznej w kształcie kostki? Rubik
83%
S Z jakim krajem Węgry graniczą od południa? Serbia
83%
U Z jakim krajem graniczą Węgry od północnego wschodu? Ukraina
83%
W Tokaj Aszú jest słynnym typem jakiego alkoholowego napoju? Wino
83%
P Według powiedzenia mieszkańcy którego kraju mają być wspólnikami zarówno do wspólnej walki jak i zabawy? Polska
80%
Z Który kraj wkroczył zbrojnie do Węgier w 1956 roku? Związek Radziecki
57%
I Jaką nazwę ma znane znajdujące się w Budapeszcie przedsiębiorstwo produkujące autobusy? Ikarus
53%
M Nazwą którego ugrofińskiego ludu często w języku polskim określa się mieszkańców Węgier? Madziarzy
50%
L Jak miał na nazwisko węgierski kompozytor pianista, pierwszy de facto celebryta muzyczny rozchwytywany przez fanów? Liszt
47%
C Która rzeka najdłuższy bieg przez terytorium Węgier? Cisa
40%
E Jaką nazwę nosi węgierskie miasto będące popularnym uzdrowiskiem, słynące z wód termalnych i licznych barokowych zabytków? Eger
30%
T W węgierskim herbie znajduje się jak część oręża zwieńczona koroną? Tarcza
30%
N Co ma symbolizować zielony pas na fladze Węgierskiej? Nadzieja
17%
H Jaką nazwę nosi wpisany w 1999 roku na Listę Światowego Dziedzictwa Kultury i Przyrody UNESCO węgierski park narodowy? Hortobágy
3%
O Jaką nazwę nosi dziko rosnąca roślina kwitnąca popularna na południu węgierskiego średniogórza? Oleander
0%
Nie znaleziono quizów pasujących do podanych kryteriów
Rozkład punktacji
Procent ludzi z każdym wynikiem
Percentyl według liczby udzielonych odpowiedzi
Twoja historia wyników
Nie rozwiązałeś tego quizu